000 00976nam a2200265 a 4500
001 1288
003 BR-CuiBMT
005 20231207230013.0
008 231204s2011 dtba 001 0 por d
020 _a9788570183422
040 _aBR-CuiBMT
_cBR-CuiBMT
080 _22007
_a911.37
090 _a911.37
_bT337c
100 1 _aTeske, Wolfgang
245 1 0 _aCultura quilombola na Lagoa da Pedra, Arraias - Tocantins :
_brituais, símbolos e rede de significados de suas manifestações culturais : um processo folkcomunicacional de saber ambiental /
_cTeske Wolfgang.
260 _aBrasília :
_bSenado Federal,
_bConselho Editorial,
_c2011.
300 _a295 p. :
_bil. color. ;
_c23 cm
490 1 _aEdições do Senado Federal ;
_vv. 146
504 _aInclui bibliografia e índice.
650 _aQuilombo
_vHistória
_zBrasil
650 _aQuilombola
_zTocantins
650 _aNegro
_vAspectos culturais
830 0 _aEdições do Senado Federal ;
_v146
942 _2udc
_cLV
999 _c1288
_d1288